| 000 | 00722nam a2200229 a 4500 | ||
|---|---|---|---|
| 001 | 000043111 | ||
| 005 | 20201002040640.0 | ||
| 008 | 140219s1994 sp ac 001 0 spa d | ||
| 020 | _a8479471638 | ||
| 040 |
_aDO-SdBNP _bspa _cBNPHU |
||
| 082 |
_a759.46 _bV473a |
||
| 100 | 1 |
_aVera, Cristino de, _d1931- _970645 |
|
| 245 | 1 | 0 |
_aAntológica 1954-1994 / _cCristino de Vera. |
| 260 |
_aIslas Canarias : _bViceconsejería de Cultura y Deportes, _c1994. |
||
| 300 |
_a123 p. : _bil., retrs. ; _c26 cm. |
||
| 504 | _aBibliografía: p. 119-123. | ||
| 650 | 4 |
_aPintores españoles _941747 |
|
| 650 | 4 |
_aArte español _970646 |
|
| 650 | 4 |
_aPintura española _98801 |
|
| 910 | _aValidado. Control de calidad EMS | ||
| 049 | _aBNPD | ||
| 999 |
_c42600 _d42600 |
||